Estadísticas para Espectro Electromagnético

Haz click aquí para intentar la prueba.

Estadísticas generales

  • Esta prueba ha sido intentada 726 veces
  • La puntuación promedio es 5 de 7

Estadísticas de respuestas

Longitud de ondaRadiación% Correcto
10-8 mUltravioleta
88%
10-12 mGamma
76%
10-5 mInfrarrojo
72%
5 * 10-6 mVisible
66%
10-10 mRayos X
60%
103 mRadio
52%
10-2 mMicroondas
51%

Distribución de puntuación

Porcentaje por número respondido

Porcentaje de gente con cada puntuación

Historial de tus puntuaciones

No has intentado esta prueba.